| 000 | 00366nam a2200145 a 4500 | ||
|---|---|---|---|
| 001 | 2525 | ||
| 003 | CDMR | ||
| 005 | 20130116135232.0 | ||
| 008 | 130130s2011||||||||||||||||||||||||||||d | ||
| 040 |
_aCDMR _bcat _cCPC GIRONA |
||
| 100 | 1 |
_aMasó, Elena _91893 |
|
| 245 | 1 | 4 |
_aLes dones d'esquerra _b1939-1979 _cMasó, Elena |
| 260 |
_c2011 _bFundació Josep Pla |
||
| 942 | _cMON | ||
| 999 |
_c2525 _d2525 |
||